| 000 | 00634nam a2200205 i 4500 | ||
|---|---|---|---|
| 001 | 140830 | ||
| 003 | ES-MaACL | ||
| 005 | 20240516063055.0 | ||
| 007 | t| | ||
| 008 | 070917s1907 fr ||||1| fre d | ||
| 100 | 0 |
_aWells, H. G., _d1866-1946 _9116458 |
|
| 245 | 1 | 0 |
_aQuand le dormeur s'eveillera _b: roman / _cH. G. Wells ; traduit par Henry d. Davray et M. Kozakiewicz. |
| 250 | _a9em. ed. | ||
| 260 |
_aParis : _bMercure de France, _c1907. |
||
| 300 |
_a374 p. ; _c19 cm. |
||
| 700 | 1 |
_aDavray, Henry D. _942995 |
|
| 700 | 1 |
_aKozakiewicz, B. _968689 |
|
| 852 |
_aES-MaACL _jF-11447 |
||
| 999 |
_c140830 _d140830 |
||